000 00581nam a22002297a 4500
003 UA-OsUOA
001 98242
007 ta
008 20130411b un ||||| |||| 00| 0 ukr d
100 _aРавера К.
090 _a821.131.1
_bР13
942 _cBK
040 _aUA-OsUOA
_brus
_cUA-OsUOA
_dUA-OsUOA
245 _aВоспоминания
300 _a270 с.
955 _a3
041 _arus
080 _a821.131.1
260 _aМ.
_bПолитиздат
_c1976
650 7 _a82 Література. Літературознавство
_2UDC
999 _c384672
_d384672